| 000 | 00786nam a2200277Ia 4500 | ||
|---|---|---|---|
| 003 | OSt | ||
| 005 | 20221006153910.0 | ||
| 006 | a|||||r|||| 00| 0 | ||
| 007 | ta | ||
| 008 | 221006b |||||||| |||| 00| 0 eng d | ||
| 020 | _a9781931907262 | ||
| 024 | _a33,836 | ||
| 037 |
_bGift, Korea Foundation _cTextual |
||
| 040 |
_aEASL _cEASL _beng |
||
| 041 |
_2eng _aeng |
||
| 082 | _aR43.495:g, P6 | ||
| 100 |
_aLee Kwang-Sae Au. _9665791 |
||
| 245 | 0 |
_aEast and West _b Fusion of horizons |
|
| 260 |
_aNew Jersey _bHoma & Sekey Books _c2006 |
||
| 300 |
_a523p. _ccm. |
||
| 490 | _v KEL | ||
| 650 | _a KEL | ||
| 650 |
_aPhilosophy-Comparative _9648224 |
||
| 942 |
_hR43.495:g, P6 _cTEXL _2CC |
||
| 999 |
_c1101922 _d1101922 |
||